[Event "Helsingor Xtracon op"]
[Site "Helsingor"]
[Date "2016.07.28"]
[Round "7"]
[White "Thogersen, Rasmus"]
[Black "Henrichsen, Jens"]
[Result "1-0"]
[WhiteElo "2205"]
[BlackElo "1984"]
[PlyCount "51"]
[EventDate "2016.07.23"]
[EventType "swiss"]
[EventRounds "10"]
[EventCountry "DEN"]
[SourceTitle "CBM 173 Extra"]
[Source "ChessBase"]
[SourceDate "2016.08.29"]
[SourceVersion "1"]
[SourceVersionDate "2016.08.29"]
[SourceQuality "1"]

1. e4 e5 2. Nf3 Nc6 3. Bb5 a6 4. Ba4 Nf6 5. 0-0 Be7 6. Re1 b5 7. Bb3 d6 8. c3 0-0 9. h3 Nb8 10. d4 Nbd7 11. Nbd2 Bb7 12. Bc2 Re8 13. Nf1 Bf8 14. Ng3 g6 15. b3 Bg7 16. d5 Rc8 17. a4 bxa4 18. Rxa4 Nc5 19. Ra3 c6 20. b4 Ncd7 21. dxc6 Rxc6 22. Ba4 Rc8 23. Qxd6 Bf8 24. Qd2 a5 25. Bxd7 axb4 26. Bxc8 1-0

[Event "Helsingor Xtracon op"]
[Site "Helsingor"]
[Date "2016.07.26"]
[Round "5"]
[White "Kaasen, Tor Fredrik"]
[Black "Henrichsen, Jens"]
[Result "0-1"]
[WhiteElo "2219"]
[BlackElo "1984"]
[PlyCount "104"]
[EventDate "2016.07.23"]
[EventType "swiss"]
[EventRounds "10"]
[EventCountry "DEN"]
[SourceTitle "CBM 173 Extra"]
[Source "ChessBase"]
[SourceDate "2016.08.29"]
[SourceVersion "1"]
[SourceVersionDate "2016.08.29"]
[SourceQuality "1"]

1. e4 e5 2. Nf3 Nc6 3. d4 exd4 4. Nxd4 Bc5 5. Be3 Qf6 6. c3 Nge7 7. g3 0-0 8. Bg2 d6 9. 0-0 Bb6 10. Na3 a6 11. Nxc6 Nxc6 12. Bxb6 cxb6 13. Nc4 b5 14. Nb6 Rb8 15. Nd5 Qd8 16. Qe2 Be6 17. Rfd1 Re8 18. Rd2 Ne5 19. Rad1 f6 20. b3 Bg4 21. f3 Be6 22. Kh1 Nf7 23. f4 Qc8 24. Qe3 Qc5 25. Qf3 Rbc8 26. Rc1 a5 27. Bf1 b4 28. c4 f5 29. exf5 Bxf5 30. Bd3 Nh6 31. Bxf5 Nxf5 32. Qg4 Rf8 33. Re1 Kh8 34. Qh5 a4 35. g4 Nd4 36. g5 axb3 37. g6 h6 38. Re7 Nf5 39. Rf7 bxa2 40. Rxa2 Qxc4 41. Ne3 Qe4+ 42. Rg2 Qxe3 43. Qd1 Rfe8 44. Rd2 Qe1+ 45. Qxe1 Rxe1+ 46. Kg2 Nh4+ 47. Kh3 Nxg6 48. Rxd6 Rc3+ 49. Kg4 Rg1+ 50. Kf5 Nxf4 51. Rd8+ Kh7 52. Rff8 Ng6 0-1

[Event "Bronshoj-ch B"]
[Site "Bronshoj"]
[Date "2016.05.29"]
[Round "8"]
[White "Henrichsen, Jens"]
[Black "Madsen, Michael Ole"]
[Result "1/2-1/2"]
[WhiteElo "1965"]
[BlackElo "2036"]
[PlyCount "52"]
[EventDate "2016.03.17"]
[EventType "swiss"]
[EventRounds "9"]
[EventCountry "DEN"]
[SourceTitle "EXT 2024"]
[Source "ChessBase"]
[SourceDate "2023.10.10"]
[SourceVersion "1"]
[SourceVersionDate "2023.10.10"]
[SourceQuality "1"]

1. d4 d5 2. c4 c6 3. Nf3 Nf6 4. Nc3 dxc4 5. a4 Bf5 6. e3 e6 7. Bxc4 Bb4 8. 0-0 Nbd7 9. Qe2 0-0 10. e4 Bg6 11. e5 Nd5 12. Ne4 N5b6 13. Bg5 Qc7 14. Bb3 h6 15. Bd2 Be7 16. Rac1 Qb8 17. a5 Nd5 18. Ng3 Rc8 19. Rfe1 Nb4 20. Ne4 Qc7 21. Ra1 Nb8 22. Rec1 N8a6 23. h4 Qd8 24. Rd1 Qc7 25. Rdc1 Qd8 26. Rd1 Qc7 1/2-1/2

[Event "Bronshoj-ch B"]
[Site "Bronshoj"]
[Date "2016.04.09"]
[Round "3"]
[White "Henrichsen, Jens"]
[Black "Petrovski, Petruli"]
[Result "1-0"]
[WhiteElo "1965"]
[BlackElo "1873"]
[PlyCount "77"]
[EventDate "2016.03.17"]
[EventType "swiss"]
[EventRounds "9"]
[EventCountry "DEN"]
[SourceTitle "EXT 2024"]
[Source "ChessBase"]
[SourceDate "2023.10.10"]
[SourceVersion "1"]
[SourceVersionDate "2023.10.10"]
[SourceQuality "1"]

1. d4 Nf6 2. Nf3 e6 3. c4 c5 4. d5 b5 5. Bg5 h6 6. Bxf6 Qxf6 7. Nc3 b4 8. Nb5 Na6 9. e4 e5 10. a3 Bd6 11. axb4 cxb4 12. Bd3 0-0 13. 0-0 Bb8 14. Ra4 Nc5 15. Rxb4 a5 16. Ra4 Nxa4 17. Qxa4 d6 18. b4 Bg4 19. Nd2 Ba7 20. Nxa7 Rxa7 21. h3 Bxh3 22. f4 Bd7 23. b5 exf4 24. Nf3 g5 25. e5 dxe5 26. c5 g4 27. Qe4 Qg7 28. Nxe5 Re8 29. b6 Rb7 30. d6 Rbb8 31. Qh7+ Qxh7 32. Bxh7+ Kxh7 33. Nxd7 Red8 34. Nxb8 Rxb8 35. Rxf4 Kg6 36. d7 Kg5 37. Re4 Rd8 38. c6 g3 39. Re8 1-0

[Event "Gibraltar Masters 14th"]
[Site "Caleta"]
[Date "2016.01.27"]
[Round "2"]
[White "Henrichsen, Jens"]
[Black "Nava Pereda, Carlos"]
[Result "0-1"]
[WhiteElo "2012"]
[BlackElo "2262"]
[PlyCount "48"]
[EventDate "2016.01.26"]
[EventType "swiss"]
[EventRounds "10"]
[EventCountry "GGB"]
[SourceTitle "CBM 171"]
[Source "ChessBase"]
[SourceDate "2016.03.14"]
[SourceVersion "2"]
[SourceVersionDate "2016.03.14"]
[SourceQuality "1"]

1. d4 Nf6 2. c4 e6 3. Nf3 Bb4+ 4. Nbd2 0-0 5. e3 b6 6. Bd3 Bb7 7. 0-0 d5 8. a3 Be7 9. Qc2 c5 10. b3 Nbd7 11. Ne5 Rc8 12. Ndf3 h6 13. Qe2 Nxe5 14. Nxe5 dxc4 15. Bxc4 cxd4 16. Rd1 Nd5 17. Rxd4 Bf6 18. f4 Nxf4 19. Qf2 Nd5 20. Qg3 Qc7 21. Ng4 Qxg3 22. Nxf6+ Nxf6 23. hxg3 Bd5 24. Ba6 Rc2 0-1

[Event "Politiken Cup 37th"]
[Site "Helsingor"]
[Date "2015.07.29"]
[Round "6"]
[White "Henrichsen, Jens"]
[Black "Tryggestad, Andreas Garberg"]
[Result "1/2-1/2"]
[WhiteElo "2047"]
[BlackElo "2204"]
[PlyCount "83"]
[EventDate "2015.07.25"]
[EventType "swiss"]
[EventRounds "10"]
[EventCountry "DEN"]
[SourceTitle "CBM 167 Extra"]
[Source "ChessBase"]
[SourceDate "2015.09.14"]
[SourceVersion "1"]
[SourceVersionDate "2015.09.14"]
[SourceQuality "1"]

1. d4 Nf6 2. Nf3 g6 3. c4 Bg7 4. Nc3 d5 5. Qb3 dxc4 6. Qxc4 c6 7. e4 0-0 8. Be2 b5 9. Qd3 b4 10. Na4 Qa5 11. Nc5 Nbd7 12. Nb3 Qc7 13. Bd2 a5 14. Rc1 Ba6 15. Qc2 Bxe2 16. Kxe2 Rac8 17. e5 Nd5 18. Rhe1 f6 19. e6 Nb8 20. Kf1 Na6 21. Qd3 Qb6 22. Nc5 Nxc5 23. Rxc5 Rfd8 24. Qc4 Rd6 25. Rc1 g5 26. Kg1 Bh6 27. h4 g4 28. Bxh6 gxf3 29. Qd3 Kh8 30. Qxf3 Qd8 31. Qg4 Qg8 32. Qxg8+ Kxg8 33. Rxa5 Nc7 34. Bf4 Rxd4 35. Rxc6 Rxf4 36. Rac5 Re4 37. g3 Ra8 38. Rxc7 Rxe6 39. Rc8+ Rxc8 40. Rxc8+ Kf7 41. Rb8 Ra6 42. Rxb4 1/2-1/2

[Event "Gibraltar Masters 13th"]
[Site "Caleta"]
[Date "2015.02.05"]
[Round "10"]
[White "Seyfried, Claus"]
[Black "Henrichsen, Jens"]
[Result "1-0"]
[WhiteElo "2147"]
[BlackElo "2030"]
[PlyCount "39"]
[EventDate "2015.01.27"]
[EventType "swiss"]
[EventRounds "10"]
[EventCountry "GGB"]
[SourceTitle "CBM 165"]
[Source "ChessBase"]
[SourceDate "2015.03.11"]
[SourceVersion "1"]
[SourceVersionDate "2015.03.11"]
[SourceQuality "1"]

1. e4 c5 2. c3 Qa5 3. Nf3 Nc6 4. Bc4 e6 5. 0-0 Nf6 6. Re1 d6 7. d4 cxd4 8. cxd4 Nxe4 9. d5 exd5 10. Bxd5 f5 11. Ng5 Ne5 12. Nxe4 fxe4 13. Nc3 Bg4 14. Qb3 Qb6 15. Qa4+ Bd7 16. Qxe4 0-0-0 17. Be3 Qa6 18. b4 Bc6 19. b5 Bxd5 20. Qf5+ 1-0

[Event "Gibraltar Masters 13th"]
[Site "Caleta"]
[Date "2015.02.01"]
[Round "6"]
[White "Mahoney, Ian"]
[Black "Henrichsen, Jens"]
[Result "1/2-1/2"]
[WhiteElo "1838"]
[BlackElo "2030"]
[PlyCount "82"]
[EventDate "2015.01.27"]
[EventType "swiss"]
[EventRounds "10"]
[EventCountry "GGB"]
[SourceTitle "CBM 165"]
[Source "ChessBase"]
[SourceDate "2015.03.11"]
[SourceVersion "1"]
[SourceVersionDate "2015.03.11"]
[SourceQuality "1"]

1. d4 Nf6 2. c4 e6 3. Nf3 b6 4. a3 Bb7 5. Nc3 d5 6. cxd5 exd5 7. g3 Be7 8. Bg2 0-0 9. 0-0 Re8 10. b4 c6 11. Ne5 Bf8 12. Bg5 h6 13. Bxf6 Qxf6 14. Rc1 Qd8 15. Qb3 Nd7 16. Nxd7 Qxd7 17. e3 a6 18. Na4 Qd8 19. Rc2 h5 20. h4 g6 21. Nc3 Kg7 22. Rd1 g5 23. hxg5 Qxg5 24. Na4 b5 25. Nc5 Bxc5 26. Rxc5 f5 27. Rdc1 Re6 28. Qd1 h4 29. gxh4 Qxh4 30. Qf3 Rf8 31. R5c3 Rg6 32. Kf1 Qg5 33. Bh3 Rff6 34. Qf4 Qxf4 35. exf4 Bc8 36. Rg3 Bd7 37. Ke2 Re6+ 38. Kd3 Kf6 39. Rxg6+ Kxg6 40. Rg1+ Kf6 41. Rg8 Re8 1/2-1/2

[Event "Gibraltar Masters 13th"]
[Site "Caleta"]
[Date "2015.01.30"]
[Round "4"]
[White "Machlik, Edit"]
[Black "Henrichsen, Jens"]
[Result "1-0"]
[WhiteElo "1913"]
[BlackElo "2030"]
[PlyCount "55"]
[EventDate "2015.01.27"]
[EventType "swiss"]
[EventRounds "10"]
[EventCountry "GGB"]
[SourceTitle "CBM 165"]
[Source "ChessBase"]
[SourceDate "2015.03.11"]
[SourceVersion "1"]
[SourceVersionDate "2015.03.11"]
[SourceQuality "1"]

1. d4 Nf6 2. c4 e6 3. Nc3 c5 4. d5 exd5 5. cxd5 d6 6. e4 g6 7. f4 Bg7 8. Bb5+ Nfd7 9. a4 0-0 10. Nf3 Na6 11. 0-0 Nc7 12. Bd3 a6 13. Re1 Re8 14. Be3 Rb8 15. Bf2 b5 16. Bh4 Bf6 17. Bxf6 Qxf6 18. Qd2 c4 19. Bf1 Nc5 20. e5 Qd8 21. Rad1 Nb3 22. Qf2 Nc5 23. axb5 axb5 24. Nd4 Rb6 25. Nc6 Qd7 26. Ne4 Nxe4 27. Qxb6 Nc5 28. exd6 1-0

[Event "Bronshoj-ch A"]
[Site "Bronshoj"]
[Date "2015.??.??"]
[Round "3"]
[White "Christensen, Esben"]
[Black "Henrichsen, Jens"]
[Result "1/2-1/2"]
[WhiteElo "2043"]
[BlackElo "2025"]
[PlyCount "37"]
[EventDate "2015.03.05"]
[EventType "tourn"]
[EventRounds "9"]
[EventCountry "DEN"]
[SourceTitle "EXT 2024"]
[Source "ChessBase"]
[SourceDate "2023.10.10"]
[SourceVersion "1"]
[SourceVersionDate "2023.10.10"]
[SourceQuality "1"]

1. e4 c5 2. Nf3 d6 3. d4 cxd4 4. Nxd4 Nf6 5. Nc3 a6 6. Bg5 e6 7. f4 Nbd7 8. Qf3 Qc7 9. 0-0-0 Be7 10. g4 b5 11. Bxf6 Nxf6 12. g5 Nd7 13. a3 Bb7 14. h4 0-0-0 15. Bg2 Kb8 16. Kb1 Rc8 17. Qe2 Nb6 18. Rh3 g6 19. Rhd3 1/2-1/2

[Event "Bronshoj-ch A"]
[Site "Bronshoj"]
[Date "2015.??.??"]
[Round "5"]
[White "Jacobsen, Mikkel Manosri"]
[Black "Henrichsen, Jens"]
[Result "1-0"]
[WhiteElo "2145"]
[BlackElo "2025"]
[PlyCount "99"]
[EventDate "2015.03.05"]
[EventType "tourn"]
[EventRounds "9"]
[EventCountry "DEN"]
[SourceTitle "EXT 2024"]
[Source "ChessBase"]
[SourceDate "2023.10.10"]
[SourceVersion "1"]
[SourceVersionDate "2023.10.10"]
[SourceQuality "1"]

1. d4 Nf6 2. Nc3 d5 3. Bg5 e6 4. e4 Bb4 5. Nge2 dxe4 6. a3 Be7 7. Bxf6 Bxf6 8. Nxe4 Nd7 9. Nxf6+ Qxf6 10. Nc3 0-0 11. Be2 Nb6 12. Ne4 Qe7 13. 0-0 Bd7 14. Nc5 Bc6 15. b4 Nd5 16. Qd2 b6 17. Nd3 Bb7 18. Bf3 c6 19. Rfe1 Rfd8 20. Rad1 Rac8 21. c4 Nf6 22. Qb2 Ne8 23. c5 Nc7 24. Ne5 Nd5 25. Bg4 Nf6 26. Bf3 Nd5 27. g3 b5 28. Ra1 a5 29. a4 Ba6 30. axb5 Bxb5 31. bxa5 Ra8 32. Ra3 Qc7 33. Rea1 f6 34. Ng4 Ba6 35. Qd2 Rab8 36. Re1 Kf7 37. Ne3 Nxe3 38. Qxe3 Re8 39. Qe4 f5 40. Qxc6 Qxc6 41. Bxc6 Red8 42. Rae3 Rxd4 43. Rxe6 Bc4 44. Rd6 Rd8 45. Rxd4 Rxd4 46. Be8+ Kf8 47. c6 Rd8 48. Bd7 Ba6 49. Bxf5 Rd5 50. Bxh7 1-0

[Event "Copenhagen Bronshoj Sensommer"]
[Site "Copenhagen"]
[Date "2014.10.09"]
[Round "7"]
[White "Nielsen, Brian"]
[Black "Henrichsen, Jens"]
[Result "0-1"]
[WhiteElo "2032"]
[BlackElo "1959"]
[PlyCount "62"]
[EventDate "2014.08.28"]
[EventType "tourn"]
[EventRounds "7"]
[EventCountry "DEN"]
[SourceTitle "EXT 2016"]
[Source "ChessBase"]
[SourceDate "2015.10.08"]
[SourceVersion "1"]
[SourceVersionDate "2015.10.08"]
[SourceQuality "1"]

1. d4 Nf6 2. c4 e6 3. g3 c5 4. d5 exd5 5. cxd5 d6 6. Nf3 g6 7. Bg2 Bg7 8. 0-0 0-0 9. Nc3 Nbd7 10. a4 h6 11. Bf4 Qe7 12. Qc1 Kh7 13. Qc2 Re8 14. Nb5 Ne5 15. Bxe5 dxe5 16. d6 Qd8 17. Qxc5 e4 18. Nd2 Bg4 19. Nc7 Rc8 20. Qxa7 Rxc7 21. dxc7 Qxd2 22. Qxb7 e3 23. f3 Bc8 24. Qb5 Bd7 25. Qc4 Be6 26. Qb5 Bd7 27. Qb6 Re6 28. Qb8 Rc6 29. Rad1 Qxe2 30. Rxd7 Rc2 31. f4 Qxg2# 0-1

[Event "Copenhagen Bronshoj Sensommer"]
[Site "Copenhagen"]
[Date "2014.09.11"]
[Round "3"]
[White "Henrichsen, Jens"]
[Black "Christensen, Esben"]
[Result "1/2-1/2"]
[WhiteElo "1959"]
[BlackElo "2055"]
[PlyCount "50"]
[EventDate "2014.08.28"]
[EventType "tourn"]
[EventRounds "7"]
[EventCountry "DEN"]
[SourceTitle "EXT 2016"]
[Source "ChessBase"]
[SourceDate "2015.10.08"]
[SourceVersion "1"]
[SourceVersionDate "2015.10.08"]
[SourceQuality "1"]

1. d4 Nf6 2. c4 c5 3. d5 b5 4. cxb5 a6 5. bxa6 g6 6. Nc3 Bxa6 7. e4 Bxf1 8. Kxf1 d6 9. g3 Bg7 10. Kg2 0-0 11. Nf3 Nbd7 12. h3 Qb6 13. Re1 Ne8 14. Re2 Nc7 15. Bg5 Rfe8 16. Rc2 Nb5 17. Qd2 Ne5 18. Nxe5 Bxe5 19. Nxb5 Qxb5 20. Qe2 Qxe2 21. Rxe2 f6 22. Bc1 Reb8 23. a3 Rb3 24. Ra2 Rab8 25. Rc2 Bd4 1/2-1/2

[Event "Politiken Cup 36th"]
[Site "Helsingor"]
[Date "2014.07.27"]
[Round "8"]
[White "Molvig, Henrik"]
[Black "Henrichsen, Jens"]
[Result "1/2-1/2"]
[WhiteElo "2162"]
[BlackElo "1959"]
[PlyCount "31"]
[EventDate "2014.07.21"]
[EventType "swiss"]
[EventRounds "10"]
[EventCountry "DEN"]
[SourceTitle "CBM 161 Extra"]
[Source "ChessBase"]
[SourceDate "2014.08.29"]
[SourceVersion "1"]
[SourceVersionDate "2014.08.29"]
[SourceQuality "1"]

1. d4 Nf6 2. c4 e6 3. Nc3 Bb4 4. Qc2 d5 5. a3 Bxc3+ 6. Qxc3 0-0 7. Nf3 Ne4 8. Qc2 b6 9. Bf4 c5 10. e3 Nc6 11. Bd3 f5 12. Ne5 Nxe5 13. Bxe5 Qe7 14. 0-0 Bd7 15. cxd5 exd5 16. f3 1/2-1/2

[Event "Politiken Cup 36th"]
[Site "Helsingor"]
[Date "2014.07.23"]
[Round "4"]
[White "Rewitz, Poul"]
[Black "Henrichsen, Jens"]
[Result "1-0"]
[WhiteElo "2218"]
[BlackElo "1959"]
[PlyCount "121"]
[EventDate "2014.07.21"]
[EventType "swiss"]
[EventRounds "10"]
[EventCountry "DEN"]
[SourceTitle "CBM 161 Extra"]
[Source "ChessBase"]
[SourceDate "2014.08.29"]
[SourceVersion "1"]
[SourceVersionDate "2014.08.29"]
[SourceQuality "1"]

1. d4 Nf6 2. Bg5 d5 3. e3 e6 4. c4 Be7 5. Nc3 h6 6. Bh4 b6 7. cxd5 Nxd5 8. Bxe7 Qxe7 9. Qa4+ Bd7 10. Qb3 0-0 11. Nf3 Nxc3 12. bxc3 c5 13. Ne5 Rc8 14. Be2 Be8 15. 0-0 Nc6 16. Nc4 b5 17. Nd2 Rab8 18. Ne4 cxd4 19. cxd4 Na5 20. Qd3 Nc4 21. f4 Nb2 22. Qb3 Nc4 23. Rfe1 a5 24. Nc5 a4 25. Qd3 Rb6 26. Rac1 Rd6 27. Nxa4 Ra8 28. Nc3 Ra3 29. Bd1 f5 30. Bb3 Na5 31. Nxb5 Bxb5 32. Qxb5 Nxb3 33. axb3 Qa7 34. h4 Ra2 35. Qc5 Qe7 36. g3 Kh7 37. Rc2 Raa6 38. Rec1 Qb7 39. Qc3 Qf3 40. Qe1 Rab6 41. Rc3 Rd5 42. Qf2 Qg4 43. Kg2 Rdb5 44. Rb1 Qg6 45. Qe2 Qe8 46. Qc2 Qa8+ 47. Kh3 Ra6 48. Qg2 Qa7 49. Rc2 Ra3 50. Rcb2 Qd7 51. g4 fxg4+ 52. Qxg4 h5 53. Qf3 g6 54. Kg3 Rb4 55. Qe4 Ra6 56. Rc1 Rab6 57. Qe5 Rb7 58. Rbc2 Rxb3 59. Rc8 Qg7 60. Qxe6 Re7 61. Qxb3 1-0

[Event "Politiken Cup 36th"]
[Site "Helsingor"]
[Date "2014.07.21"]
[Round "1"]
[White "Henrichsen, Jens"]
[Black "Tari, Aryan"]
[Result "0-1"]
[WhiteElo "1959"]
[BlackElo "2412"]
[PlyCount "56"]
[EventDate "2014.07.21"]
[EventType "swiss"]
[EventRounds "10"]
[EventCountry "DEN"]
[SourceTitle "CBM 161 Extra"]
[Source "ChessBase"]
[SourceDate "2014.08.29"]
[SourceVersion "1"]
[SourceVersionDate "2014.08.29"]
[SourceQuality "1"]

1. d4 Nf6 2. c4 g6 3. Nc3 d5 4. cxd5 Nxd5 5. e4 Nxc3 6. bxc3 Bg7 7. Be3 c5 8. Qd2 0-0 9. Nf3 Qa5 10. Rc1 Rd8 11. Be2 e6 12. Rd1 b6 13. 0-0 Bb7 14. e5 Nc6 15. Bg5 Rd7 16. Bf6 cxd4 17. cxd4 Bxf6 18. exf6 Qf5 19. Qh6 Qxf6 20. Bb5 Rd5 21. Bxc6 Bxc6 22. Ne5 Bb5 23. Rfe1 Rad8 24. Ng4 Qg7 25. Qf4 Rxd4 26. Nf6+ Qxf6 27. Qxf6 Rxd1 28. Qe5 Rxe1+ 0-1

[Event "Copenhagen Whitsun op"]
[Site "Copenhagen"]
[Date "2014.06.07"]
[Round "4"]
[White "Nielsen, Frode Benedikt"]
[Black "Henrichsen, Jens"]
[Result "1-0"]
[WhiteElo "2024"]
[BlackElo "1961"]
[PlyCount "79"]
[EventDate "2014.06.03"]
[EventType "swiss"]
[EventRounds "9"]
[EventCountry "DEN"]
[SourceTitle "EXT 2015"]
[Source "ChessBase"]
[SourceDate "2014.11.20"]
[SourceVersion "1"]
[SourceVersionDate "2014.11.20"]
[SourceQuality "1"]

1. e4 e5 2. d4 exd4 3. c3 d5 4. exd5 Qxd5 5. cxd4 Nf6 6. Nf3 Be7 7. Nc3 Qd6 8. Nb5 Qd8 9. Bf4 Nd5 10. Bg3 0-0 11. Bc4 Bb4+ 12. Nd2 c6 13. Bxd5 Qxd5 14. Nc7 Qxg2 15. Rf1 Bh3 16. Qe2 Qxf1+ 17. Qxf1 Bxf1 18. 0-0-0 Be2 19. Re1 Bd3 20. Nxa8 Nd7 21. Nc7 Nb6 22. a3 Bxd2+ 23. Kxd2 Bf5 24. Ne8 h6 25. Nd6 Bc8 26. Re7 Rd8 27. Kd3 Nd5 28. Nxc8 Rxc8 29. Rxb7 a5 30. Ra7 c5 31. Rxa5 c4+ 32. Ke2 c3 33. Rxd5 c2 34. Bf4 c1Q 35. Bxc1 Rxc1 36. Rc5 Rh1 37. a4 Rxh2 38. a5 Rh4 39. a6 Rxd4 40. a7 1-0

[Event "Copenhagen Whitsun op"]
[Site "Copenhagen"]
[Date "2014.06.05"]
[Round "2"]
[White "Andersen, Finn"]
[Black "Henrichsen, Jens"]
[Result "0-1"]
[WhiteElo "2025"]
[BlackElo "1961"]
[PlyCount "86"]
[EventDate "2014.06.03"]
[EventType "swiss"]
[EventRounds "9"]
[EventCountry "DEN"]
[SourceTitle "EXT 2015"]
[Source "ChessBase"]
[SourceDate "2014.11.20"]
[SourceVersion "1"]
[SourceVersionDate "2014.11.20"]
[SourceQuality "1"]

1. e4 e5 2. Nf3 Nc6 3. d3 Nf6 4. Be2 Be7 5. 0-0 0-0 6. c3 d6 7. Nbd2 Re8 8. a4 a5 9. Nc4 h6 10. Qc2 Bf8 11. Re1 g6 12. h3 d5 13. exd5 Nxd5 14. Bf1 Bg7 15. g3 Bf5 16. Ne3 Nxe3 17. Rxe3 Qd7 18. Kh2 Rad8 19. Nd2 Ne7 20. Ne4 Nd5 21. Re1 b6 22. f3 Be6 23. Bd2 f5 24. Nf2 c5 25. Rad1 Qf7 26. Ra1 g5 27. Qc1 Bf6 28. c4 Ne7 29. g4 Nc6 30. Bc3 Qc7 31. Kg2 Nd4 32. Bxd4 exd4 33. Re2 Qc6 34. gxf5 Bxf5 35. Ne4 Bxe4 36. fxe4 Be5 37. Rf2 Bf4 38. Qd1 Rf8 39. Qg4 Be3 40. Re2 Rf4 41. Qg3 Rdf8 42. b3 Qf6 43. Raa2 Rxf1 0-1

[Event "Gibraltar Masters 12th"]
[Site "Caleta"]
[Date "2014.02.03"]
[Round "7"]
[White "Henrichsen, Jens"]
[Black "Byron, Alan M"]
[Result "0-1"]
[WhiteElo "1945"]
[BlackElo "2149"]
[PlyCount "38"]
[EventDate "2014.01.28"]
[EventType "swiss"]
[EventRounds "10"]
[EventCountry "GGB"]
[SourceTitle "CBM 159"]
[Source "ChessBase"]
[SourceDate "2014.03.17"]
[SourceVersion "1"]
[SourceVersionDate "2014.03.17"]
[SourceQuality "1"]

1. d4 Nf6 2. c4 g6 3. Nc3 Bg7 4. e4 d6 5. Be2 0-0 6. Nf3 Na6 7. 0-0 e5 8. d5 Nc5 9. Qc2 a5 10. b3 Nh5 11. g3 f5 12. Nd2 Nf6 13. f3 Bh6 14. Ndb1 Bxc1 15. Rxc1 fxe4 16. Nxe4 Nfxe4 17. fxe4 Qg5 18. Nc3 Qe3+ 19. Kh1 Bh3 0-1

[Event "Gibraltar Masters 12th"]
[Site "Caleta"]
[Date "2014.01.31"]
[Round "4"]
[White "Kvisla, Johannes Luangtep"]
[Black "Henrichsen, Jens"]
[Result "1-0"]
[WhiteElo "2154"]
[BlackElo "1945"]
[PlyCount "79"]
[EventDate "2014.01.28"]
[EventType "swiss"]
[EventRounds "10"]
[EventCountry "GGB"]
[SourceTitle "CBM 159"]
[Source "ChessBase"]
[SourceDate "2014.03.17"]
[SourceVersion "1"]
[SourceVersionDate "2014.03.17"]
[SourceQuality "1"]

1. e4 e5 2. Nf3 Nc6 3. Bb5 a6 4. Ba4 Nf6 5. Qe2 d6 6. c3 Be7 7. h3 b5 8. Bc2 Bb7 9. 0-0 0-0 10. Rd1 Re8 11. d3 h6 12. Nbd2 Bf8 13. Nf1 g6 14. a4 d5 15. Ng3 Bg7 16. Bb3 Na5 17. Ba2 bxa4 18. Bb1 c5 19. Rxa4 Bc6 20. Ra3 c4 21. d4 exd4 22. Nxd4 Bb5 23. Qf3 Nd7 24. exd5 Ne5 25. Qf4 Nd3 26. Bxd3 cxd3 27. Nxb5 axb5 28. Rxd3 g5 29. Qd2 Bf8 30. b4 Nc4 31. Rxa8 Qxa8 32. Qd1 Bd6 33. Nf5 Kh7 34. g3 Qd8 35. Ne3 Ne5 36. Rd4 Qf6 37. Kg2 Rc8 38. Bb2 Ra8 39. Qc2+ Kg8 40. Qf5 1-0

[Event "Gibraltar Masters 12th"]
[Site "Caleta"]
[Date "2014.01.29"]
[Round "2"]
[White "Rowe, Duane"]
[Black "Henrichsen, Jens"]
[Result "1-0"]
[WhiteElo "2221"]
[BlackElo "1945"]
[PlyCount "53"]
[EventDate "2014.01.28"]
[EventType "swiss"]
[EventRounds "10"]
[EventCountry "GGB"]
[SourceTitle "CBM 159"]
[Source "ChessBase"]
[SourceDate "2014.03.17"]
[SourceVersion "1"]
[SourceVersionDate "2014.03.17"]
[SourceQuality "1"]

1. e4 e5 2. Nf3 Nc6 3. Bc4 Bc5 4. b4 Bxb4 5. c3 Be7 6. d4 Na5 7. Be2 d6 8. 0-0 Nf6 9. Qa4+ c6 10. dxe5 b5 11. Qc2 dxe5 12. Nxe5 Qc7 13. Nf3 0-0 14. Nbd2 Bd6 15. c4 a6 16. Bb2 Nd7 17. Rac1 b4 18. Kh1 c5 19. e5 Nxe5 20. Ne4 f6 21. Nxd6 Qxd6 22. Rcd1 Qe7 23. Nxe5 fxe5 24. Bd3 Rf4 25. Bxh7+ Kh8 26. Be4 Rb8 27. Bxe5 1-0

[Event "Copenhagen Bronshoj Sensommer op"]
[Site "Copenhagen"]
[Date "2013.09.19"]
[Round "6"]
[White "Nielsen, Viktor Haarmark"]
[Black "Henrichsen, Jens"]
[Result "1-0"]
[WhiteElo "1884"]
[BlackElo "1937"]
[PlyCount "95"]
[EventDate "2013.08.15"]
[EventType "swiss"]
[EventRounds "7"]
[EventCountry "DEN"]
[SourceTitle "EXT 2016"]
[Source "ChessBase"]
[SourceDate "2015.10.08"]
[SourceVersion "1"]
[SourceVersionDate "2015.10.08"]
[SourceQuality "1"]

1. e4 c5 2. d4 cxd4 3. c3 d5 4. exd5 Qxd5 5. cxd4 Nc6 6. Nf3 e5 7. Nc3 Bb4 8. Bd2 Bxc3 9. Bxc3 e4 10. Ne5 Nxe5 11. dxe5 Qxd1+ 12. Rxd1 a6 13. Bc4 Ne7 14. 0-0 Bg4 15. Rd2 Rc8 16. Bb3 0-0 17. Re1 Bf5 18. Bc2 Rc4 19. h3 h5 20. Rd4 Rxd4 21. Bxd4 e3 22. Bb3 exf2+ 23. Kxf2 Nc6 24. Bc3 Rd8 25. Rd1 Rxd1 26. Bxd1 g6 27. Bf3 Kf8 28. Ke3 Ke7 29. h4 Bb1 30. Bd5 Bf5 31. b3 Bd7 32. Bd4 Nxd4 33. Kxd4 b6 34. b4 Bb5 35. Bc4 Bc6 36. g3 Bb7 37. a4 Bc6 38. a5 b5 39. Bb3 Bb7 40. Kc5 f6 41. Bd5 Bxd5 42. Kxd5 g5 43. exf6+ Kxf6 44. Kc6 gxh4 45. gxh4 Ke6 46. Kb6 Kd6 47. Kxa6 Kc6 48. Ka7 1-0